| 000 | 00591cam a2200229ua 4500 | ||
|---|---|---|---|
| 001 | 268 | ||
| 005 | 20260515113137.0 | ||
| 008 | 111220n ii |||gr||||Z||||||eng | ||
| 040 | _cMAIN | ||
| 082 | _a306.36 | ||
| 245 |
_aOdyogik sajamtatta aru sramik kalyan. _cBy Probhash Kr. Borah. |
||
| 250 | _a1st. | ||
| 260 |
_aJorhat.: _bUnika prakashan., _c2009. |
||
| 300 | _a232 p.:5 cm. | ||
| 653 | _aSociology. | ||
| 653 | _aOdyogik samajtatta. | ||
| 653 | _aIndustrial sociology | ||
| 653 | _aSramik kalyan | ||
| 700 | _aBorah, Probhash Kr., | ||
| 700 | _aSarmah, Dipankar., | ||
| 942 | _cBK | ||
| 999 |
_c227 _d227 |
||